Normal view
MARC view
- Technical report writing
Entry Topical Term
001 - CONTROL NUMBER
- control field: 100649
003 - CONTROL NUMBER IDENTIFIER
- control field: NUST
005 - DATE AND TIME OF LATEST TRANSACTION
- control field: 20221018145337.0
008 - FIXED-LENGTH DATA ELEMENTS
- fixed length control field: 221018|| aca||aabn | a|a d
040 ## - CATALOGING SOURCE
- Original cataloging agency: NUST
- Transcribing agency: NUST
150 ## - HEADING--TOPICAL TERM
- Topical term or geographic name entry element: Technical report writing
670 ## - SOURCE DATA FOUND
- Source citation: Work cat.: (NUST)175539: Murray, Melba W. 100648, Engineered report writing /, 1969
